[Event "ESP-ch 74th"]
[Site "Palma de Mallorca"]
[Date "2009.10.04"]
[Round "9"]
[White "Vehi Bach, Victor Manuel"]
[Black "Serrano Bozada, Esteban"]
[Result "1-0"]
[WhiteElo "2381"]
[BlackElo "2217"]
[PlyCount "83"]
[EventDate "2009.09.26"]
[EventType "swiss"]
[EventRounds "9"]
[EventCountry "ESP"]
[SourceTitle "CBM 132 Extra"]
[Source "ChessBase"]
[SourceDate "2009.11.03"]
[SourceVersion "1"]
[SourceVersionDate "2009.11.03"]
[SourceQuality "1"]

1. e4 e6 2. d4 d5 3. Nc3 Bb4 4. e5 c5 5. a3 Bxc3+ 6. bxc3 Ne7 7. Qg4 0-0 8. Bd3 f5 9. exf6 Rxf6 10. Bg5 Rf7 11. Qh5 g6 12. Qd1 Nbc6 13. Nf3 c4 14. Be2 Qf8 15. 0-0 h6 16. Bc1 g5 17. h3 Qg7 18. Nh2 Ng6 19. Bh5 Bd7 20. Rb1 b6 21. h4 Rff8 22. hxg5 hxg5 23. Qg4 Nf4 24. g3 e5 25. Qd1 Nxh5 26. Qxh5 exd4 27. Bxg5 Rf5 28. f4 dxc3 29. Ng4 Qh7 30. Nf6+ Rxf6 31. Qxh7+ Kxh7 32. Bxf6 Bf5 33. Rb5 Rf8 34. Bxc3 d4 35. Bb4 Nxb4 36. Rxb4 Rc8 37. Rc1 Rc5 38. Kf2 b5 39. a4 a6 40. axb5 axb5 41. Kf3 d3 42. g4 1-0

[Event "ESP-ch 74th"]
[Site "Palma de Mallorca"]
[Date "2009.10.03"]
[Round "8"]
[White "Veganzonez Rojo, David"]
[Black "Serrano Bozada, Esteban"]
[Result "0-1"]
[WhiteElo "2100"]
[BlackElo "2217"]
[PlyCount "86"]
[EventDate "2009.09.26"]
[EventType "swiss"]
[EventRounds "9"]
[EventCountry "ESP"]
[SourceTitle "CBM 132 Extra"]
[Source "ChessBase"]
[SourceDate "2009.11.03"]
[SourceVersion "1"]
[SourceVersionDate "2009.11.03"]
[SourceQuality "1"]

1. d4 Nf6 2. c4 c5 3. d5 b5 4. cxb5 a6 5. bxa6 Bxa6 6. g3 d6 7. Bg2 g6 8. Nf3 Bg7 9. Nc3 0-0 10. 0-0 Nbd7 11. Rb1 Ng4 12. Qc2 Qa5 13. Bd2 Nge5 14. Nxe5 Nxe5 15. b3 Rfb8 16. a4 Rb7 17. Rfe1 Qc7 18. h3 Nd7 19. f4 c4 20. Ne4 Qb6+ 21. Kh2 cxb3 22. Qd1 Bc4 23. a5 Qb5 24. h4 f5 25. Ng5 Nf6 26. Ne6 Ng4+ 27. Kg1 Bf6 28. e4 Bd3 29. Bf1 Bxf1 30. Rxf1 Qd3 31. Rf3 Qxe4 32. Be1 b2 33. Qd3 Rc8 34. Bd2 h6 35. a6 Ra7 36. Qf1 Qxd5 37. Re1 b1Q 38. Rxb1 Qxe6 39. Rb7 Bd4+ 40. Kg2 Rca8 41. Qb5 Rxa6 42. Rd3 Qe4+ 43. Rf3 Bf6 0-1

[Event "ESP-ch 74th"]
[Site "Palma de Mallorca"]
[Date "2009.09.29"]
[Round "4"]
[White "Montoya Irigoyen, Inigo"]
[Black "Serrano Bozada, Esteban"]
[Result "1-0"]
[WhiteElo "2070"]
[BlackElo "2217"]
[PlyCount "127"]
[EventDate "2009.09.26"]
[EventType "swiss"]
[EventRounds "9"]
[EventCountry "ESP"]
[SourceTitle "CBM 132 Extra"]
[Source "ChessBase"]
[SourceDate "2009.11.03"]
[SourceVersion "1"]
[SourceVersionDate "2009.11.03"]
[SourceQuality "1"]

1. c4 g6 2. Nc3 Bg7 3. g3 e5 4. Bg2 d6 5. d3 f5 6. Nf3 Nf6 7. 0-0 0-0 8. Rb1 a5 9. a3 h6 10. b4 axb4 11. axb4 g5 12. Qb3 Kh8 13. c5 Qe7 14. cxd6 cxd6 15. b5 Nbd7 16. Ba3 Nc5 17. Qb4 e4 18. dxe4 Nfxe4 19. Nd5 Qf7 20. Nb6 Rxa3 21. Qxa3 Be6 22. Rbd1 Bb3 23. Nd4 Bxd1 24. Rxd1 f4 25. g4 Be5 26. Nf5 Qe6 27. Nd5 Nf6 28. Nxf6 Qxf6 29. Qa7 Kh7 30. Qb6 Qd8 31. Qa7 Qa8 32. b6 Qxa7 33. bxa7 Ra8 34. Nxd6 Rxa7 35. Nxb7 Nxb7 36. Rd7+ Kg8 37. Bxb7 Kf8 38. Rd5 Rxb7 39. Rxe5 Kf7 40. h4 Kf6 41. Rf5+ Kg6 42. h5+ Kg7 43. Rd5 Ra7 44. Kg2 Rb7 45. Kf3 Ra7 46. Rd6 Rb7 47. Rd5 Rc7 48. Rd2 Re7 49. Rb2 Kh7 50. Rb4 Kg7 51. Re4 Rc7 52. Re6 Rc4 53. Re7+ Kg8 54. e3 fxe3 55. fxe3 Rb4 56. Rd7 Rc4 57. Rd4 Rc7 58. Ke4 Re7+ 59. Kd3 Rc7 60. e4 Kf7 61. e5 Ke6 62. Ke4 Rc6 63. Rd6+ Rxd6 64. exd6 1-0

[Event "ESP-ch 74th"]
[Site "Palma de Mallorca"]
[Date "2009.09.27"]
[Round "2"]
[White "Abadia Pascual, Luis"]
[Black "Serrano Bozada, Esteban"]
[Result "1/2-1/2"]
[WhiteElo "1958"]
[BlackElo "2217"]
[PlyCount "86"]
[EventDate "2009.09.26"]
[EventType "swiss"]
[EventRounds "9"]
[EventCountry "ESP"]
[SourceTitle "CBM 132 Extra"]
[Source "ChessBase"]
[SourceDate "2009.11.03"]
[SourceVersion "1"]
[SourceVersionDate "2009.11.03"]
[SourceQuality "1"]

1. e4 e6 2. d4 d5 3. Nc3 Bb4 4. exd5 exd5 5. Bd3 Nc6 6. a3 Bd6 7. Nge2 Nge7 8. 0-0 Bg4 9. f3 Bh5 10. Nb5 Bg6 11. Nxd6+ Qxd6 12. Bf4 Qd7 13. c3 0-0-0 14. b4 Bxd3 15. Qxd3 f6 16. a4 g5 17. Bd2 Rde8 18. a5 Qf5 19. Nc1 Qxd3 20. Nxd3 Nf5 21. Rfe1 b6 22. axb6 axb6 23. Kf2 h5 24. Ra8+ Kd7 25. Raxe8 Rxe8 26. Rxe8 Kxe8 27. Ke2 Kd7 28. Nf2 Na7 29. Nd1 Nb5 30. Be1 Nbd6 31. Ne3 Nxe3 32. Kxe3 Ke6 33. Kd3 Nf5 34. Ke2 c6 35. Bf2 h4 36. Kd3 Ne7 37. Ke3 Kf5 38. Kd3 Ng6 39. Ke3 g4 40. fxg4+ Kxg4 41. h3+ Kg5 42. Kf3 Nf8 43. Be3+ Kf5 1/2-1/2

[Event "ESP-chT2 Gr1"]
[Site "Padron"]
[Date "2009.08.09"]
[Round "6"]
[White "Gonzalez de la Nava, Amador"]
[Black "Serrano Bozada, Esteban"]
[Result "1-0"]
[WhiteElo "2275"]
[BlackElo "2213"]
[PlyCount "41"]
[EventDate "2009.08.05"]
[EventType "team-swiss"]
[EventRounds "6"]
[EventCountry "ESP"]
[SourceTitle "CBM 131 Extra"]
[Source "ChessBase"]
[SourceDate "2009.09.03"]
[SourceVersion "2"]
[SourceVersionDate "2009.09.16"]
[SourceQuality "1"]

1. d4 Nf6 2. Nf3 g6 3. c4 Bg7 4. Nc3 0-0 5. Bf4 d6 6. h3 Nbd7 7. e3 c6 8. Be2 Qe8 9. Bh2 e5 10. dxe5 dxe5 11. Qd6 e4 12. Nd2 Qd8 13. 0-0-0 Re8 14. g4 g5 15. h4 Bf8 16. Qg3 h6 17. hxg5 hxg5 18. Qh3 Bg7 19. Bd6 Re6 20. Ndxe4 Rxd6 21. Nxd6 1-0

[Event "ESP-ch Universities"]
[Site "Madrid"]
[Date "2008.05.10"]
[Round "8"]
[White "Perez Campos, Adria"]
[Black "Serrano Bozada, Esteban"]
[Result "0-1"]
[WhiteElo "2229"]
[BlackElo "2188"]
[PlyCount "76"]
[EventDate "2008.05.08"]
[EventType "swiss"]
[EventRounds "9"]
[EventCountry "ESP"]
[SourceTitle "CBM 124 Extra"]
[Source "ChessBase"]
[SourceDate "2008.07.03"]
[SourceVersion "1"]
[SourceVersionDate "2008.07.03"]
[SourceQuality "1"]

1. c4 g6 2. Nc3 Bg7 3. g3 e5 4. Bg2 d6 5. e3 f5 6. d4 Nc6 7. Nge2 Nf6 8. Rb1 a5 9. a3 0-0 10. 0-0 Qe7 11. b4 axb4 12. axb4 Kh8 13. c5 e4 14. Qb3 Be6 15. d5 Bg8 16. Bb2 Ne5 17. Nf4 g5 18. Ne6 Bxe6 19. dxe6 Nd3 20. Nd5 Nxd5 21. Bxg7+ Qxg7 22. Qxd5 dxc5 23. bxc5 c6 24. Qd4 Qxd4 25. exd4 Rfe8 26. g4 fxg4 27. Bxe4 Nf4 28. Rxb7 Rxe6 29. Bf5 Rf6 30. Rxh7+ Kg8 31. Bb1 Rb8 32. Rd7 Rb2 33. Rd6 Nh3+ 34. Kg2 Rf4 35. Kg3 Nxf2 36. Rg6+ Kf7 37. Rxf2 Rfxf2 38. Be4 Rfe2 0-1

[Event "ESP-ch Universities"]
[Site "Madrid"]
[Date "2008.05.09"]
[Round "5"]
[White "Serrano Bozada, Esteban"]
[Black "Almeida Toledano, Daniel"]
[Result "1-0"]
[WhiteElo "2188"]
[BlackElo "2278"]
[PlyCount "95"]
[EventDate "2008.05.08"]
[EventType "swiss"]
[EventRounds "9"]
[EventCountry "ESP"]
[SourceTitle "CBM 124 Extra"]
[Source "ChessBase"]
[SourceDate "2008.07.03"]
[SourceVersion "1"]
[SourceVersionDate "2008.07.03"]
[SourceQuality "1"]

1. e4 e6 2. d4 d5 3. Nd2 Be7 4. e5 c5 5. Qg4 Kf8 6. dxc5 Nc6 7. Ngf3 Nh6 8. Qf4 f5 9. exf6 Bxf6 10. Nb3 e5 11. Qa4 Nf5 12. c3 Bd7 13. Bb5 a6 14. Bxc6 Bxc6 15. Qg4 Bd7 16. Qb4 Bc6 17. Na5 Qd7 18. Nxc6 Qxc6 19. Qg4 Ne7 20. Be3 h5 21. Qh3 Qb5 22. 0-0-0 Qa4 23. Kb1 Qg4 24. Qg3 Nf5 25. Qxg4 hxg4 26. Nd2 Rd8 27. Nb3 Kf7 28. Na5 Rd7 29. g3 Ke6 30. Kc2 g6 31. b4 Rdh7 32. Kb3 Bd8 33. Ka4 Bf6 34. a3 Rd8 35. Bc1 Rhd7 36. h3 gxh3 37. g4 Ne7 38. Rxh3 d4 39. cxd4 exd4 40. Rhd3 Nd5 41. Re1+ Kf7 42. Nc4 b5+ 43. cxb6 Rc8 44. Kb3 Rc6 45. b7 Rxb7 46. Na5 Rbc7 47. Nxc6 Rxc6 48. g5 1-0

[Event "ESP-ch U18"]
[Site "Linares"]
[Date "2007.07.31"]
[Round "5"]
[White "Serrano Bozada, Esteban"]
[Black "Ribes Peris, Alvaro"]
[Result "0-1"]
[WhiteElo "2160"]
[BlackElo "2135"]
[PlyCount "68"]
[EventDate "2007.07.29"]
[EventType "swiss"]
[EventRounds "9"]
[EventCountry "ESP"]
[SourceTitle "EXT 2008"]
[Source "ChessBase"]
[SourceDate "2007.11.25"]
[SourceVersion "1"]
[SourceVersionDate "2007.11.25"]
[SourceQuality "1"]

1. e4 Nf6 2. e5 Nd5 3. c4 Nb6 4. a4 a5 5. Ra3 d6 6. exd6 cxd6 7. d4 g6 8. Nc3 Bg7 9. Nb5 0-0 10. Be2 Nc6 11. Nf3 Bg4 12. 0-0 e5 13. d5 Bxf3 14. Rxf3 Nd4 15. Nxd4 exd4 16. b3 Re8 17. Bd3 Nd7 18. Bb2 Qb6 19. Bb1 Ne5 20. Rf4 Nxc4 21. Ba1 Ne5 22. Bxd4 Qc7 23. Bd3 Nxd3 24. Qxd3 Bxd4 25. Rxd4 Re5 26. f4 Re7 27. f5 Rae8 28. f6 Re3 29. Qb5 Qc3 30. Rdf4 Re2 31. Qxb7 Qd2 32. Rg4 Qe3+ 33. Kh1 Re1 34. Qb5 Qf2 0-1

[Event "Calvia Autonomicas-chT"]
[Site "Calvia"]
[Date "2007.05.04"]
[Round "2"]
[White "Pascual Palomo, Lucia"]
[Black "Serrano Bozada, Esteban"]
[Result "0-1"]
[WhiteElo "2112"]
[BlackElo "2108"]
[PlyCount "64"]
[EventDate "2007.05.03"]
[EventType "team"]
[EventRounds "5"]
[EventCountry "ESP"]
[SourceTitle "CBM 118 Extra"]
[Source "ChessBase"]
[SourceDate "2007.07.04"]
[SourceVersion "1"]
[SourceVersionDate "2007.07.04"]
[SourceQuality "1"]

1. e4 e6 2. d4 d5 3. Nc3 Bb4 4. exd5 exd5 5. Bd3 Ne7 6. a3 Bd6 7. Qf3 Nbc6 8. Nb5 Be6 9. Ne2 a6 10. Nxd6+ Qxd6 11. h3 Qd7 12. Bg5 f6 13. Bf4 0-0-0 14. 0-0-0 Bf5 15. g4 Bxd3 16. Qxd3 h5 17. f3 Rde8 18. Ng3 h4 19. Nh5 Nf5 20. c3 Ref8 21. Rdg1 g6 22. Nxf6 Rxf6 23. gxf5 Rxf5 24. Bg5 Qf7 25. f4 Nd8 26. Rg4 Ne6 27. Qe3 Nxg5 28. Rxg5 Rxf4 29. Rxg6 Re8 30. Qd3 Rf3 31. Rg7 Qf4+ 32. Qd2 Rf1+ 0-1

[Event "Calvia op 3rd"]
[Site "Calvia"]
[Date "2006.10.20"]
[Round "1"]
[White "Serrano Bozada, Esteban"]
[Black "Libiszewski, Fabien"]
[Result "0-1"]
[WhiteElo "2073"]
[BlackElo "2459"]
[PlyCount "94"]
[EventDate "2006.10.20"]
[EventType "swiss"]
[EventRounds "9"]
[EventCountry "ESP"]
[SourceTitle "EXT 2007"]
[Source "ChessBase"]
[SourceDate "2006.11.23"]
[SourceVersion "1"]
[SourceVersionDate "2006.11.23"]
[SourceQuality "1"]

1. e4 e6 2. d4 d5 3. exd5 exd5 4. Bd3 Nc6 5. c3 Bd6 6. Nf3 Bg4 7. 0-0 Nge7 8. b4 Qd7 9. Bg5 f6 10. Bh4 Ng6 11. Re1+ Nce7 12. Bg3 Nf4 13. Bxf4 Bxf4 14. Qe2 Bd6 15. Nbd2 0-0 16. h3 Bf5 17. Nh4 Bxd3 18. Qxd3 Rfe8 19. Re2 a5 20. bxa5 Rxa5 21. Nb3 Ra4 22. Rae1 Rea8 23. Nc5 Bxc5 24. dxc5 Nc6 25. Nf5 Ne5 26. Qxd5+ Qxd5 27. Ne7+ Kf7 28. Nxd5 Rxa2 29. f4 Rxe2 30. Rxe2 Ra1+ 31. Kh2 Ng6 32. f5 Ne5 33. Nxc7 Rb1 34. Ne6 g6 35. fxg6+ hxg6 36. Ng5+ Ke7 37. Ne4 Rb5 38. Re3 Ke6 39. g4 f5 40. gxf5+ gxf5 41. Ng5+ Kd5 42. Nf3 Nc4 43. Re7 f4 44. Nd4 Rb2+ 45. Re2 Rb1 46. h4 Ne3 47. Kh3 Rc1 0-1

[Event "ESP-chT Autonomicas"]
[Site "Padron"]
[Date "2006.10.05"]
[Round "1.1"]
[White "Serrano Bozada, Esteban"]
[Black "Llaneza Vega, Patricia"]
[Result "1/2-1/2"]
[WhiteElo "2073"]
[BlackElo "2232"]
[PlyCount "67"]
[EventDate "2006.10.05"]
[EventType "team-swiss"]
[EventRounds "6"]
[EventCountry "ESP"]
[SourceTitle "EXT 2018"]
[Source "ChessBase"]
[SourceDate "2017.10.13"]
[SourceVersion "1"]
[SourceVersionDate "2017.10.13"]
[SourceQuality "1"]
[WhiteTeam "Baleares"]
[BlackTeam "Catalunya"]
[WhiteTeamCountry "ESP"]
[BlackTeamCountry "ESP"]

1. e4 c5 2. Nf3 Nc6 3. c3 Nf6 4. e5 Nd5 5. d4 cxd4 6. cxd4 d6 7. Bc4 Nb6 8. Bb5 dxe5 9. Nxe5 Bd7 10. Nxd7 Qxd7 11. Nc3 e6 12. 0-0 Be7 13. Qg4 Kf8 14. Rd1 Nd5 15. Bf4 h5 16. Qf3 h4 17. Rac1 Nxf4 18. Qxf4 Rh5 19. Qe4 Rd8 20. Be2 Rh6 21. d5 exd5 22. Rxd5 Qe6 23. Bc4 Qxe4 24. Nxe4 Rxd5 25. Bxd5 f5 26. Nc5 Nd4 27. Kf1 b6 28. Nd7+ Ke8 29. Ne5 Rd6 30. Rc8+ Rd8 31. Bf7+ Kf8 32. Rxd8+ Bxd8 33. Bc4 Ke8 34. Ke1 1/2-1/2

[Event "Calvia U2000 opA"]
[Site "Mallorca"]
[Date "2004.10.29"]
[Round "9"]
[White "Rahul, Joshi"]
[Black "Serrano Bozada, Esteban"]
[Result "0-1"]
[WhiteElo "1902"]
[BlackElo "1980"]
[PlyCount "92"]
[EventDate "2004.10.22"]
[EventType "swiss"]
[EventRounds "9"]
[EventCountry "ESP"]
[SourceTitle "EXT 2005"]
[Source "ChessBase"]
[SourceDate "2004.11.15"]
[SourceVersion "1"]
[SourceVersionDate "2004.11.15"]
[SourceQuality "1"]

1. e4 e6 2. d4 b6 3. Bd3 Bb7 4. Nf3 Nf6 5. Nc3 Bb4 6. Bg5 h6 7. Bxf6 Qxf6 8. a3 Bxc3+ 9. bxc3 0-0 10. 0-0 d6 11. h3 Nd7 12. Nh2 c5 13. Qh5 Qf4 14. Qe2 c4 15. Bxc4 Qxe4 16. Qxe4 Bxe4 17. Bd3 Nf6 18. Rfe1 Bb7 19. a4 Rac8 20. c4 Ba6 21. d5 e5 22. a5 Bxc4 23. Bf5 Ra8 24. axb6 axb6 25. Ng4 Nxg4 26. hxg4 Rfd8 27. Be4 Kf8 28. Reb1 b5 29. f3 Ke7 30. Kf2 Kd7 31. Ke3 Kc7 32. Rh1 Kb7 33. Rab1 Ra3+ 34. Kd2 f6 35. Rb4 Kb6 36. Rhb1 Kc5 37. g3 Rda8 38. Bd3 Bxd3 39. cxd3 R8a5 40. Ke3 R3a4 41. R4b2 Rd4 42. Rc1+ Kxd5 43. Rc7 Ra3 44. Rxb5+ Ke6 45. Rbb7 Rdxd3+ 46. Ke4 d5# 0-1